00689nam a2200181 a 450000100100000000500170001000800410002702000180006804000250008610000270011124501070013825000110024526000360025630000280029250000650032095201050038599900170049000003773920201002031116.0130305s2012 dr a 000 0 spa d a9789945164893 aDO-SdBNPbspacBNPHU1 aOvalle, Lucía92136810aDesarrolle su potencial de padre y madre :bpautas para criar mejores hijos e hijas /cLucía Ovalle. a2a ed. aSanto Domingo :bBúho,c2012. a133 p. :bil. ;c22 cm. aIncluye datos biográficos de la autora en la contraportada 0010718PDaPDbPDcCTd2013-03-05iLF1l0o p37739-10r2020-06-25w2020-06-25yLFPDZNo se presta c37229d37229